[Event "Hamburg-chT Landesliga 1011"]
[Site "Hamburg"]
[Date "2011.04.16"]
[Round "8.8"]
[White "David, Torsten"]
[Black "Isinger, Viktor"]
[Result "1/2-1/2"]
[WhiteElo "2154"]
[BlackElo "1956"]
[PlyCount "83"]
[EventDate "2010.10.10"]
[EventType "team-tourn"]
[EventRounds "9"]
[EventCountry "GER"]
[SourceTitle "EXT 2022"]
[Source "ChessBase"]
[SourceDate "2021.10.06"]
[SourceVersion "1"]
[SourceVersionDate "2021.10.06"]
[SourceQuality "1"]
[WhiteTeam "St Pauli"]
[BlackTeam "Eidelstedt"]
[WhiteTeamCountry "GER"]
[BlackTeamCountry "GER"]

1. e4 c6 2. d4 d5 3. exd5 cxd5 4. c4 Nf6 5. Nc3 e6 6. Nf3 Be7 7. cxd5 exd5 8. Bd3 0-0 9. 0-0 Nc6 10. h3 h6 11. Bf4 Be6 12. Rc1 Bd6 13. Bxd6 Qxd6 14. Re1 Rac8 15. Bb1 Qb4 16. Qd2 Rfe8 17. a3 Qa5 18. Ne5 Qb6 19. Nxc6 Qxc6 20. Ne4 Nxe4 21. Bxe4 Qd7 22. Bb1 Bf5 23. Rxe8+ Rxe8 24. Bxf5 Qxf5 25. Rc7 Qb1+ 26. Kh2 Re1 27. Rc8+ Kh7 28. Qc2+ Qxc2 29. Rxc2 Re7 30. Rc5 Rd7 31. Kg3 Kg6 32. Kf3 Kf6 33. Ke3 Ke6 34. Rc8 a6 35. Re8+ Re7 36. Rxe7+ Kxe7 37. Kf4 Ke6 38. h4 g6 39. g4 f5 40. b3 fxg4 41. Kxg4 b6 42. Kf4 1/2-1/2